Esiste la famiglia naturale? /

Gespeichert in:
Bibliographische Detailangaben
1. Verfasser: Saporiti, Michele
Format: Buch
Sprache:Italienisch
Veröffentlicht: Milano ; Udine : Mimesis, 2010
Schriftenreihe:Mimesis. LGBT ; 5
Tags: Tag hinzufügen
Keine Tags, Fügen Sie das erste Tag hinzu!

MARC

LEADER 00000nam a22000007i 4500
001 IT\ICCU\MOD\1574913
003 ItRI
005 20260213185546.0
008 101011s2010 it |||||| ||||| |||||c
020 |a 9788857501291 
040 |b ita  |c ARCIGAY RIMINI 
041 7 |a ita  |2 ISO-639-2 
100 1 |a Saporiti, Michele  |0 IT\ICCU\MODV\643623 
245 1 0 |a Esiste la famiglia naturale? /  |c Michele Saporiti. 
260 |a Milano ;  |a Udine :  |b Mimesis,  |c 2010 
300 |a 119 p. ;  |c 21 cm. 
830 0 |a Mimesis. LGBT ;  |v 5  |0 IT\ICCU\UBO\3672838 
942 |2 ddc  |c BK 
952 |0 0  |1 0  |2 ddc  |4 0  |6 340_140000000000000_SAP_ESI  |7 1  |9 2297  |a RN  |b RN  |d 2024-12-23  |l 0  |o 340.14 SAP ESI  |p 9750  |r 2024-12-23 16:01:28  |w 2024-12-23  |y BK 
952 |0 0  |1 0  |4 0  |6 DOC_346_450000000000000_SAP  |7 0  |9 20105  |a BO  |b BO  |d 2026-01-15  |i 14435  |l 0  |o DOC 346.450 SAP  |p BO14435  |r 2026-01-15 23:21:13  |w 2026-01-15  |x [Sebina 5] [1 v.]  |y BK  |z 1 v. 
999 |c 2008  |d 2008